|
|
|
|
| LEADER |
00000nam a2200000 a 4500 |
| 001 |
vtls009303408 |
| 003 |
SK-MaSNL |
| 005 |
20260301170843.0 |
| 008 |
240315s2008 xo oa g 001 0 slo |
| 015 |
|
|
|a SNBA2009/03-01049
|
| 020 |
|
|
|a 9788080855468
|q (viaz.)
|
| 035 |
|
|
|a 1149D662-2790-424C-9324-953E12F0A740
|
| 035 |
|
|
|a urn:nbn:sk:snk-aml9f8
|
| 035 |
|
|
|a urn:nbn:sk:snk-am008rlt
|
| 040 |
|
|
|a SNK
|b slo
|c SNK
|e AACR2
|
| 041 |
1 |
|
|a slo
|h eng
|
| 044 |
|
|
|a xo
|c SK
|
| 072 |
|
7 |
|a 635
|x Záhradkárstvo
|2 konspekt
|
| 080 |
|
|
|a 635.92.054
|2 2001
|
| 080 |
|
|
|a (035)
|2 2001
|
| 100 |
1 |
|
|a Hessayon, D. G.,
|d 1928-
|4 aut
|9 207273
|
| 240 |
1 |
4 |
|a The tree & shrub expert
|l Slovensky
|
| 245 |
1 |
0 |
|a Stromy a kry v záhrade
|c D. G. Hessayon ; [z anglického originálu preložila Mária Šrancová]
|
| 250 |
|
|
|a 2. vyd.
|
| 260 |
|
|
|a Bratislava
|b Slovart
|c 2008
|
| 300 |
|
|
|a 128 s.
|b fareb. fotogr. a ilustr.
|c 24 cm
|
| 504 |
|
|
|a Reg. Slovník pestovania okrasných drevín
|
| 650 |
0 |
7 |
|a okrasné dreviny
|2 SNKPH
|9 3727
|
| 650 |
0 |
7 |
|a Ornamental woody plants
|2 SNKPHeng
|9 484404
|
| 655 |
|
7 |
|a príručky
|2 SNKPH
|9 74364
|
| 655 |
|
7 |
|a Handbooks, manuals, etc.
|2 SNKPHeng
|9 90964
|
| 700 |
1 |
|
|a Šrancová, Mária,
|d 1949-
|4 trl
|9 90566
|
| 919 |
|
|
|a 978-80-8085-546-8
|
| 958 |
|
|
|a OP
|
| 958 |
|
|
|a OND
|
| 968 |
|
|
|b ENG
|d 63
|
| 999 |
|
|
|c 828946
|d 830876
|
| 952 |
|
|
|a SNK
|b SNK
|y VYP
|7 0
|p 17A0590895
|o snkSC 132246 D1
|i snk2008/12655
|8 0
|0 0
|1 0
|4 0
|d 2008-06-16
|l 0
|r 2026-02-24 03:32:25
|w 2026-02-24
|
| 952 |
|
|
|a SNK
|b SNK
|y PREZ
|7 0
|p 17A0589926
|o snkSC 132246
|i snk2008/12543
|8 0
|0 0
|1 0
|4 0
|d 2008-06-13
|f 1
|l 0
|r 2025-06-23 00:00:00
|w 2026-02-24
|